000 00606nam a22002297a 4500
003 UA-OsUOA
001 45110
007 ta
008 20070327b un ||||| |||| 00| 0 ukr d
100 _aМакаров В.Г.
700 _aМатвеева А.М.
090 _a101
_bМ-11
942 _cSA
040 _aUA-OsUOA
_brus
_cUA-OsUOA
_dUA-OsUOA
245 _aГеософия П.Н.Савицкого: между идеологией и наукой
300 _aС.123-136
955 _a0
041 _arus
080 _a101
773 0 _w45107
650 7 _a1 Філософські науки
_2UDC
999 _c331217
_d331217